[Event "Dubai op 19th"]
[Site "Dubai"]
[Date "2017.04.08"]
[Round "6"]
[White "Yohan, J."]
[Black "Saeed, Ishaq"]
[Result "0-1"]
[WhiteElo "2164"]
[BlackElo "2360"]
[PlyCount "106"]
[EventDate "2017.04.03"]
[EventType "swiss"]
[EventRounds "9"]
[EventCountry "UAE"]
[SourceTitle "CBM 177 Extra"]
[Source "ChessBase"]
[SourceDate "2017.04.27"]
[SourceVersion "1"]
[SourceVersionDate "2017.04.27"]
[SourceQuality "1"]

1. d4 Nf6 2. Bg5 e6 3. e4 h6 4. Bxf6 Qxf6 5. c3 d5 6. Nd2 c5 7. Ngf3 Nc6 8. dxc5 Bxc5 9. exd5 exd5 10. Nb3 Bb6 11. Be2 0-0 12. 0-0 Rd8 13. Nfd4 Ne5 14. Qc2 a5 15. a4 Bd7 16. Bb5 Bg4 17. Rae1 Rd6 18. Re3 Rf8 19. Rfe1 Ng6 20. Rg3 Bc8 21. Rf3 Qg5 22. Rg3 Qd8 23. Rge3 Rf6 24. Re8 Qd6 25. Rxf8+ Nxf8 26. Re8 Bg4 27. Bd3 Bd7 28. Ra8 Bxa4 29. Bh7+ Kh8 30. Nf5 Bxb3 31. Nxd6 Bxc2 32. Bxc2 Bxf2+ 33. Kh1 Kg8 34. Nf5 Re6 35. g3 Bc5 36. Bd3 Re1+ 37. Kg2 Rd1 38. Bf1 b6 39. Rd8 g6 40. Nxh6+ Kg7 41. Ng4 Ne6 42. Rd7 Rd2+ 43. Kf3 d4 44. cxd4 Nxd4+ 45. Ke4 Nb3 46. Bd3 Bb4 47. Ke3 Nc5 48. Rd5 Nxd3 49. Rxd3 Rxb2 50. h4 a4 51. Ne5 Bc5+ 52. Ke4 a3 53. Rd7 Re2+ 0-1

[Event "Dubai op 19th"]
[Site "Dubai"]
[Date "2017.04.05"]
[Round "3"]
[White "Schroeder, Jan Christian"]
[Black "Yohan, J."]
[Result "1-0"]
[WhiteElo "2529"]
[BlackElo "2164"]
[PlyCount "41"]
[EventDate "2017.04.03"]
[EventType "swiss"]
[EventRounds "9"]
[EventCountry "UAE"]
[SourceTitle "CBM 177 Extra"]
[Source "ChessBase"]
[SourceDate "2017.04.27"]
[SourceVersion "1"]
[SourceVersionDate "2017.04.27"]
[SourceQuality "1"]

1. e4 c5 2. Nf3 g6 3. d4 cxd4 4. Nxd4 Nf6 5. Nc3 Nc6 6. Bc4 Bg7 7. Nxc6 bxc6 8. e5 Ng8 9. Qf3 f5 10. Bf4 Qa5 11. 0-0-0 Bxe5 12. Bxe5 Qxe5 13. Rhe1 Qc5 14. Qf4 Nf6 15. b4 Qb6 16. Rxe7+ Kd8 17. Rf7 Qxb4 18. Qd4 Re8 19. Qxf6+ Kc7 20. Qd4 a5 21. Nb5+ 1-0

[Event "Calvia Amateur op 13th"]
[Site "Calvia"]
[Date "2016.10.09"]
[Round "2"]
[White "Yohan, J."]
[Black "Oriot, Patrice"]
[Result "0-1"]
[WhiteElo "2182"]
[BlackElo "1980"]
[PlyCount "84"]
[EventDate "2016.10.08"]
[EventType "swiss"]
[EventRounds "9"]
[EventCountry "ESP"]
[SourceTitle "CBM 175 Extra"]
[Source "ChessBase"]
[SourceDate "2016.12.12"]
[SourceVersion "1"]
[SourceVersionDate "2016.12.12"]
[SourceQuality "1"]

1. d4 Nf6 2. Bg5 d5 3. Bxf6 gxf6 4. c4 dxc4 5. Nc3 c5 6. d5 Bg7 7. e3 0-0 8. Bxc4 a6 9. a4 Nd7 10. Nf3 Ne5 11. Nxe5 fxe5 12. e4 Qb6 13. Qe2 Qg6 14. 0-0 Kh8 15. Ra3 Bg4 16. f3 Bd7 17. Rb3 Rab8 18. Ra1 a5 19. Bb5 Bc8 20. Rd1 Qd6 21. Nb1 Bh6 22. Na3 Bf4 23. Nc4 Qh6 24. g3 Rg8 25. Ne3 Bxg3 26. hxg3 Rxg3+ 27. Kf2 Qh4 28. Nf1 Rxf3+ 29. Kxf3 Bg4+ 30. Ke3 Bxe2 31. Kxe2 Qxe4+ 32. Re3 Qg2+ 33. Ke1 Qxb2 34. Rd2 Qa1+ 35. Rd1 Qb2 36. Rd2 Qb1+ 37. Kf2 Qg6 38. Rde2 Qf6+ 39. Rf3 Qh4+ 40. Kg2 Rg8+ 41. Ng3 e4 42. Rc3 f5 0-1

[Event "Bilbao op 9th"]
[Site "Bilbao"]
[Date "2016.07.21"]
[Round "8"]
[White "Hansen, Torbjorn Ringdal"]
[Black "Yohan, J."]
[Result "1-0"]
[WhiteElo "2463"]
[BlackElo "2067"]
[PlyCount "61"]
[EventDate "2016.07.13"]
[EventType "swiss"]
[EventRounds "10"]
[EventCountry "ESP"]
[SourceTitle "CBM 173 Extra"]
[Source "ChessBase"]
[SourceDate "2016.08.29"]
[SourceVersion "1"]
[SourceVersionDate "2016.08.29"]
[SourceQuality "1"]

1. c4 e6 2. g3 Nf6 3. Bg2 d5 4. d4 Bb4+ 5. Nd2 0-0 6. Ngf3 b6 7. 0-0 Bb7 8. Ne5 Nbd7 9. Qa4 Bd6 10. cxd5 exd5 11. Ndc4 Bxe5 12. Nxe5 Nxe5 13. dxe5 Nd7 14. Bf4 Qe7 15. Rad1 c6 16. e4 Nc5 17. Qa3 dxe4 18. Bxe4 f6 19. Rfe1 fxe5 20. Bc2 Rad8 21. Rxd8 Qxd8 22. Rxe5 a5 23. Qe3 Ba6 24. Re7 Bc4 25. Bh6 Bf7 26. Bxg7 Kxg7 27. Qg5+ Kh8 28. Qf5 Kg7 29. Qxh7+ Kf6 30. Qh4+ Kg7 31. Qg5+ 1-0

[Event "Bilbao op 9th"]
[Site "Bilbao"]
[Date "2016.07.20"]
[Round "7"]
[White "Yohan, J."]
[Black "Del Rio de Angelis, Salvador Gabriel"]
[Result "1/2-1/2"]
[WhiteElo "2067"]
[BlackElo "2508"]
[PlyCount "91"]
[EventDate "2016.07.13"]
[EventType "swiss"]
[EventRounds "10"]
[EventCountry "ESP"]
[SourceTitle "CBM 173 Extra"]
[Source "ChessBase"]
[SourceDate "2016.08.29"]
[SourceVersion "1"]
[SourceVersionDate "2016.08.29"]
[SourceQuality "1"]

1. d4 e6 2. Nf3 c5 3. c3 Nc6 4. Bf4 Qb6 5. Nbd2 cxd4 6. Nc4 Qc5 7. e4 dxe3 8. Bxe3 Qh5 9. Be2 d5 10. Nfe5 Qh4 11. Nxc6 bxc6 12. Qa4 Qd8 13. Nb6 Rb8 14. Qxc6+ Bd7 15. Nxd7 Qxd7 16. Qa6 Qb7 17. Qa4+ Qd7 18. Qa6 Qb7 19. 0-0 Nf6 20. Bxa7 Qxa6 21. Bxa6 Rxb2 22. Rfb1 Rxb1+ 23. Rxb1 Bd6 24. Bc5 Kd7 25. Rb7+ Kc6 26. Bxd6 Kxd6 27. Rxf7 Ra8 28. Bf1 Rxa2 29. Rxg7 Ne4 30. f3 Nd2 31. Bd3 e5 32. Bxh7 e4 33. fxe4 dxe4 34. h4 e3 35. Bd3 Ne4 36. h5 Nf2 37. Rg6+ Ke5 38. Ra6 Rd2 39. Bc4 Kf4 40. Rf6+ Kg5 41. Re6 Rd1+ 42. Bf1 Kf4 43. Rf6+ Kg5 44. Re6 Kf4 45. Rf6+ Kg5 46. Re6 1/2-1/2

[Event "New Delhi Parsvnath op 13th"]
[Site "New Delhi"]
[Date "2015.01.14"]
[Round "8"]
[White "Yohan, J."]
[Black "Lama, Himal"]
[Result "0-1"]
[WhiteElo "2124"]
[BlackElo "1937"]
[PlyCount "79"]
[EventDate "2015.01.09"]
[EventType "tourn"]
[EventRounds "10"]
[EventCountry "IND"]
[SourceTitle "CBM 164 Extra"]
[Source "ChessBase"]
[SourceDate "2015.03.02"]
[SourceVersion "1"]
[SourceVersionDate "2015.03.02"]
[SourceQuality "1"]

1. e4 c5 2. Nc3 Nc6 3. f4 b6 4. Nf3 Bb7 5. g3 d6 6. Bh3 g6 7. 0-0 Bg7 8. d3 Nf6 9. f5 a6 10. a4 Rb8 11. Bf4 Nd7 12. Qd2 Nde5 13. Nxe5 Nxe5 14. Bh6 0-0 15. Bxg7 Kxg7 16. Rf4 g5 17. f6+ exf6 18. Rf2 g4 19. Bg2 Rg8 20. Raf1 Kh8 21. Nd5 Bxd5 22. exd5 Rg6 23. Be4 Nf3+ 24. Bxf3 gxf3 25. Rxf3 Kg7 26. Kg2 Qd7 27. Qc3 Qe7 28. Re1 Qd7 29. Ref1 Qe7 30. b3 Re8 31. d4 Qe2+ 32. R1f2 Qd1 33. dxc5 Re1 34. Qd2 Rg1+ 35. Kh3 f5 36. Kh4 f6 37. Qf4 Qd4 38. Kh3 Rh6+ 39. Qxh6+ Kxh6 40. Rxf5 0-1

[Event "New Delhi Parsvnath op 13th"]
[Site "New Delhi"]
[Date "2015.01.10"]
[Round "3"]
[White "Brunello, Sabino"]
[Black "Yohan, J."]
[Result "1-0"]
[WhiteElo "2552"]
[BlackElo "2124"]
[PlyCount "57"]
[EventDate "2015.01.09"]
[EventType "tourn"]
[EventRounds "10"]
[EventCountry "IND"]
[SourceTitle "CBM 164 Extra"]
[Source "ChessBase"]
[SourceDate "2015.03.02"]
[SourceVersion "1"]
[SourceVersionDate "2015.03.02"]
[SourceQuality "1"]

1. d4 f5 2. g3 Nf6 3. Bg2 e6 4. c4 d6 5. Nc3 Be7 6. e4 e5 7. dxe5 dxe5 8. Qxd8+ Bxd8 9. exf5 Na6 10. Nf3 Nb4 11. 0-0 Bxf5 12. Bd2 0-0 13. Nxe5 c6 14. Nd1 Nc2 15. Ne3 Nxa1 16. Nxf5 Re8 17. Nxc6 Re2 18. Bc3 bxc6 19. Bxc6 Rc8 20. Bf3 Re6 21. Rxa1 g6 22. Ne3 h5 23. Nd5 Ne4 24. Nf4 Re8 25. Re1 Rxc4 26. Nxg6 Bb6 27. Kg2 Kh7 28. Nh4 a5 29. Bxh5 1-0

[Event "New Delhi Parsvnath op 13th"]
[Site "New Delhi"]
[Date "2015.01.09"]
[Round "1"]
[White "Baryshpolets, Andrey"]
[Black "Yohan, J."]
[Result "1-0"]
[WhiteElo "2541"]
[BlackElo "2124"]
[PlyCount "146"]
[EventDate "2015.01.09"]
[EventType "tourn"]
[EventRounds "10"]
[EventCountry "IND"]
[SourceTitle "CBM 164 Extra"]
[Source "ChessBase"]
[SourceDate "2015.03.02"]
[SourceVersion "1"]
[SourceVersionDate "2015.03.02"]
[SourceQuality "1"]

1. d4 f5 2. g3 Nf6 3. Bg2 e6 4. c4 d6 5. Nc3 Be7 6. e4 e5 7. dxe5 dxe5 8. Qxd8+ Bxd8 9. exf5 Na6 10. Nf3 Nb4 11. 0-0 Bxf5 12. Bd2 c6 13. Nxe5 0-0 14. Ne2 Nc2 15. Rac1 Re8 16. Bc3 Bc7 17. g4 Bxe5 18. gxf5 Bxc3 19. Rxc2 Ba5 20. Rb1 Rad8 21. b4 Bc7 22. b5 cxb5 23. cxb5 Bb6 24. Bxb7 Ng4 25. Ng3 Nxf2 26. Rxf2 Rd2 27. Rbf1 Rxf2 28. Rxf2 Re1+ 29. Kg2 Bxf2 30. Kxf2 Rb1 31. Bd5+ Kf8 32. Bb3 Rb2+ 33. Ne2 Ke7 34. Kf3 Kf6 35. h4 Rd2 36. Ng3 Rd3+ 37. Kf4 Rd4+ 38. Ne4+ Ke7 39. Ke5 Rb4 40. Nd6 Rxh4 41. Nc8+ Kd7 42. Nxa7 Kc7 43. Nc6 Rh3 44. Nd4 Kb6 45. a4 h5 46. Bc2 Re3+ 47. Kf4 Rc3 48. Be4 h4 49. Nf3 h3 50. Kg3 Ra3 51. Kxh3 Rxa4 52. Bc6 Rf4 53. Nh4 Kc7 54. Kg3 Rb4 55. Ng6 Kd6 56. Kf3 Rb1 57. Ke3 Re1+ 58. Kd2 Rf1 59. Be4 Kc5 60. Bd3 Rg1 61. Nf4 Rg3 62. Ne6+ Kb6 63. Be2 Rg2 64. Ke3 Rg1 65. Kf2 Rh1 66. Nxg7 Rh2+ 67. Ke3 Kc5 68. Ne6+ Kd6 69. Bd3 Ke5 70. Ng5 Rh5 71. Nf3+ Kd5 72. Kf4 Rh6 73. Be4+ Kc5 1-0

[Event "IND-ch U19 43rd"]
[Site "Lucknow"]
[Date "2013.07.18"]
[Round "11"]
[White "Yohan, J."]
[Black "Visakh, Narayanan Rajeswari"]
[Result "0-1"]
[WhiteElo "2149"]
[BlackElo "2217"]
[PlyCount "86"]
[EventDate "2013.07.10"]
[EventType "swiss"]
[EventRounds "11"]
[EventCountry "IND"]
[SourceTitle "CBM 155 Extra"]
[Source "ChessBase"]
[SourceDate "2013.08.26"]
[SourceVersion "1"]
[SourceVersionDate "2013.08.26"]
[SourceQuality "1"]

1. e4 c5 2. c3 d5 3. exd5 Qxd5 4. d4 Nf6 5. Nf3 Bg4 6. dxc5 Qxc5 7. h3 Bh5 8. Na3 a6 9. Be3 Qc7 10. g4 Bg6 11. g5 Nfd7 12. Bg2 e6 13. Nc2 Nc5 14. Bf1 Nc6 15. Ncd4 Rd8 16. b4 Ne4 17. Qb3 Nxc3 18. Rc1 Bxb4 19. Rxc3 Qa5 20. Ne2 Rd3 21. Bd2 Rxf3 22. Bg2 Rxc3 23. Bxc3 Bxc3+ 24. Qxc3 Qxc3+ 25. Nxc3 Kd7 26. 0-0 Kc7 27. Rc1 Rd8 28. Na4 Rd2 29. a3 Rc2 30. Rxc2 Bxc2 31. Nc5 a5 32. f4 b6 33. Ne4 Bxe4 34. Bxe4 g6 35. Kf2 b5 36. Ke3 Kd6 37. h4 Kc5 38. h5 Ne7 39. h6 Nd5+ 40. Kf3 b4 41. axb4+ Nxb4 42. Bb1 Kd4 43. f5 exf5 0-1

[Event "Chennai op 5th"]
[Site "Chennai"]
[Date "2013.01.18"]
[Round "2"]
[White "Kuderinov, Kirill"]
[Black "Yohan, J."]
[Result "1-0"]
[WhiteElo "2432"]
[BlackElo "2091"]
[PlyCount "109"]
[EventDate "2013.01.16"]
[EventType "swiss"]
[EventRounds "11"]
[EventCountry "IND"]
[SourceTitle "CBM 152 Extra"]
[Source "ChessBase"]
[SourceDate "2013.02.25"]
[SourceVersion "1"]
[SourceVersionDate "2013.02.25"]
[SourceQuality "1"]

1. d4 d5 2. c4 e6 3. Nf3 c6 4. e3 Nf6 5. Bd3 Nbd7 6. 0-0 Bd6 7. b3 0-0 8. Bb2 Qe7 9. Ne5 Rd8 10. Nd2 dxc4 11. Ndxc4 Bc7 12. Qc2 h6 13. Rfd1 Nf8 14. b4 Nd5 15. a3 f6 16. Nf3 b6 17. g3 Qf7 18. e4 Ne7 19. a4 Bb7 20. a5 Rac8 21. axb6 axb6 22. Ra7 Rb8 23. Be2 Nc8 24. Ra3 Nd6 25. Re3 Ra8 26. Nxd6 Bxd6 27. Qb3 Bc7 28. Rc1 b5 29. Bf1 Bb6 30. Ree1 Ra4 31. Bc3 Rda8 32. Bg2 Ra3 33. Qd1 Ra2 34. Re2 Ng6 35. Rcc2 R2a3 36. h4 Qe8 37. Kh2 e5 38. dxe5 Nxe5 39. Nxe5 fxe5 40. Red2 R3a7 41. Bb2 Rb8 42. Qf3 Rd8 43. Rxd8 Bxd8 44. Bh3 Bf6 45. Qe3 Ra8 46. Bf5 Bc8 47. Qc5 Bxf5 48. exf5 Rc8 49. Re2 Qd7 50. Qc2 Re8 51. Qe4 Qd5 52. f4 Qxe4 53. Rxe4 Ra8 54. Bxe5 Ra2+ 55. Kh3 1-0

[Event "Wch U20 50th"]
[Site "Chennai"]
[Date "2011.08.13"]
[Round "11"]
[White "Yohan, J."]
[Black "Herman, Jean"]
[Result "1-0"]
[WhiteElo "2017"]
[BlackElo "2105"]
[PlyCount "65"]
[EventDate "2011.08.02"]
[EventType "swiss"]
[EventRounds "13"]
[EventCountry "IND"]
[SourceTitle "CBM 143 Extra"]
[Source "ChessBase"]
[SourceDate "2011.08.29"]
[SourceVersion "1"]
[SourceVersionDate "2011.08.29"]
[SourceQuality "1"]

1. e4 e6 2. b3 b6 3. Bb2 Bb7 4. d3 Nf6 5. g3 d5 6. Bg2 dxe4 7. Nd2 Bb4 8. c3 Bc5 9. d4 Be7 10. Qc2 Nbd7 11. Ne2 0-0 12. 0-0 c5 13. Nxe4 Qc7 14. Rad1 Nxe4 15. Bxe4 Nf6 16. Bxb7 Qxb7 17. c4 Rfd8 18. dxc5 Ne4 19. h4 Bxc5 20. Bd4 f6 21. Bxc5 Nxc5 22. b4 Nd7 23. f4 e5 24. Rd5 Nf8 25. Rfd1 Rxd5 26. cxd5 Rc8 27. Qb3 Nd7 28. fxe5 Nxe5 29. Nd4 Qf7 30. b5 Qf8 31. d6+ Qf7 32. Nc6 Rxc6 33. d7 1-0

[Event "Wch U20 50th"]
[Site "Chennai"]
[Date "2011.08.04"]
[Round "3"]
[White "Vasli, Aref"]
[Black "Yohan, J."]
[Result "1/2-1/2"]
[WhiteElo "2181"]
[BlackElo "2017"]
[PlyCount "77"]
[EventDate "2011.08.02"]
[EventType "swiss"]
[EventRounds "13"]
[EventCountry "IND"]
[SourceTitle "CBM 143 Extra"]
[Source "ChessBase"]
[SourceDate "2011.08.29"]
[SourceVersion "1"]
[SourceVersionDate "2011.08.29"]
[SourceQuality "1"]

1. e4 e5 2. Nf3 Nc6 3. d4 exd4 4. Nxd4 Nf6 5. Nxc6 bxc6 6. e5 Qe7 7. Qe2 Nd5 8. c4 Ba6 9. b3 0-0-0 10. g3 g5 11. Bb2 Bg7 12. Nd2 Rde8 13. 0-0-0 Nb6 14. f4 Kb8 15. Kb1 Rhg8 16. Nf3 gxf4 17. gxf4 c5 18. Rg1 Bb7 19. Bh3 f6 20. a4 a5 21. Nh4 fxe5 22. Nf5 Qf8 23. fxe5 d6 24. Nxg7 Rxg7 25. Qd2 Rxg1 26. Rxg1 dxe5 27. Qxa5 Qf3 28. Rg3 Qd1+ 29. Ka2 Rd8 30. Qxc5 e4 31. a5 Nc8 32. Rg7 Qd6 33. Qg5 Rf8 34. Bxc8 Bxc8 35. Rxc7 Kxc7 36. Be5 Rf2+ 37. Kb1 Rf1+ 38. Kc2 Rf2+ 39. Kc3 1/2-1/2

[Event "Wch U20 50th"]
[Site "Chennai"]
[Date "2011.08.02"]
[Round "1"]
[White "Sochacki, Wojtek"]
[Black "Yohan, J."]
[Result "1/2-1/2"]
[WhiteElo "2316"]
[BlackElo "2017"]
[PlyCount "111"]
[EventDate "2011.08.02"]
[EventType "swiss"]
[EventRounds "13"]
[EventCountry "IND"]
[SourceTitle "CBM 143 Extra"]
[Source "ChessBase"]
[SourceDate "2011.08.29"]
[SourceVersion "1"]
[SourceVersionDate "2011.08.29"]
[SourceQuality "1"]

1. e4 e5 2. Nf3 Nc6 3. d4 exd4 4. Nxd4 Nf6 5. Nxc6 bxc6 6. Bd3 d5 7. Nd2 Bc5 8. 0-0 0-0 9. h3 Re8 10. Qf3 Nd7 11. Nb3 Ne5 12. Qg3 Bd6 13. exd5 Nxd3 14. Qxd3 cxd5 15. Be3 c6 16. Bc5 Bxc5 17. Nxc5 Qf6 18. c3 Bf5 19. Qd4 Qxd4 20. cxd4 Re2 21. g4 Bg6 22. f4 Be4 23. Rf2 Re3 24. Kh2 Rb8 25. f5 Rb4 26. Nb3 a5 27. Rd1 a4 28. Na5 Rb6 29. Rfd2 Ra6 30. Nb7 h5 31. Nc5 Ra8 32. Rc1 hxg4 33. hxg4 f6 34. Nxe4 Rxe4 35. Kg3 Re3+ 36. Kf2 Re4 37. Kf3 Rc8 38. Rc3 g5 39. Re3 Rce8 40. Rxe4 Rxe4 41. Rc2 Rxd4 42. Rxc6 Kf7 43. Rc7+ Ke8 44. Rc6 Kf7 45. Rc7+ Ke8 46. Rc6 Kf7 47. Rb6 Rf4+ 48. Kg3 Ke7 49. Re6+ Kf7 50. Re3 Rb4 51. b3 axb3 52. axb3 d4 53. Re6 Rxb3+ 54. Kg2 Rb2+ 55. Kg3 Rb3+ 56. Kg2 1/2-1/2